Biggest Non-Capital US Cities On A Map - Statistics

General Stats
  • This quiz has been taken 95 times
  • The average score is 27 of 30
Answers on the Map
Answers color-coded by a green-red scale on the quiz's map according to % correct below.
 
Answer Stats
Population City % Correct
2,693,976 Chicago
98%
1,343,573 Dallas
98%
2,320,268 Houston
98%
3,979,576 Los Angeles
96%
8,336,817 New York City
96%
881,549 San Francisco
96%
753,675 Seattle
96%
670,031 Detroit
95%
1,423,851 San Diego
95%
1,584,064 Philadelphia
94%
654,741 Portland
94%
495,327 Kansas City
93%
651,319 Las Vegas
93%
911,507 Jacksonville
91%
1,547,253 San Antonio
91%
593,490 Baltimore
90%
681,728 El Paso
90%
560,513 Albuquerque
87%
651,073 Memphis
87%
590,157 Milwaukee
87%
909,585 Fort Worth
85%
885,708 Charlotte
84%
1,021,795 San Jose
84%
478,221 Colorado Springs
83%
617,638 Louisville
83%
478,192 Omaha
83%
548,073 Tucson
83%
705,749 Washington DC
83%
531,576 Fresno
78%
518,012 Mesa
65%
No matching quizzes found
Score Distribution
Percent of People with Each Score
Percentile by Number Answered
Your Score History
You have not taken this quiz